| Tag |
First Indicator |
Second Indicator |
Subfields |
| LEADER |
00000cam a2200000 4500 |
| 001 |
in00000063551 |
| 005 |
20151007083145.0 |
| 008 |
750902s1966 nyu b 00000 eng |
| 010 |
|
|
|a 66016277
|
| 035 |
|
|
|a (OCoLC)01593192
|
| 035 |
|
|
|9 AAF8946AM
|
| 040 |
|
|
|a DLC
|c TOL
|d TOL
|d TXA
|d UtOrBLW
|
| 049 |
|
|
|a TXAM
|c [472691]
|
| 050 |
|
0 |
|a D1065.U5
|b B45
|
| 092 |
|
|
|a 327.73
|b B566f
|
| 100 |
1 |
|
|a Beugel, Ernst Hans van der,
|d 1918-2004.
|
| 245 |
1 |
0 |
|a From Marshall aid to Atlantic partnership ;
|b European integration as a concern of American foreign policy /
|c by Ernst H. van der Beugel. With a foreword by Henry A. Kissinger.
|
| 264 |
|
1 |
|a Amsterdam,
|a New York :
|b Elsevier Pub. Co.,
|c 1966.
|
| 300 |
|
|
|a xxi, 480 pages ;
|c 24 cm.
|
| 336 |
|
|
|a text
|b txt
|2 rdacontent
|
| 337 |
|
|
|a unmediated
|b n
|2 rdamedia
|
| 338 |
|
|
|a volume
|b nc
|2 rdacarrier
|
| 504 |
|
|
|a Bibliography: pages [415]-441.
|
| 650 |
2 |
0 |
|a European federation.
|
| 651 |
|
0 |
|a United States
|x Foreign relations
|z Europe.
|
| 651 |
|
0 |
|a Europe
|x Foreign relations
|z United States.
|
| 999 |
|
|
|a MARS
|
| 999 |
f |
f |
|s 0ccc66da-371c-3491-afca-9837588f19b4
|i 3b63b83b-77ca-3e53-9523-51b531b6a3e2
|t 0
|
| 952 |
f |
f |
|p normal
|a Texas A&M University
|b College Station
|c Sterling C. Evans Library
|d Evans: Library Stacks
|t 0
|e D1065.U5 B45
|h Library of Congress classification
|i unmediated -- volume
|m A14800677383
|
| 998 |
f |
f |
|a D1065.U5 B45
|t 0
|l Evans: Library Stacks
|